Sector rock solid despite downturn? (Record no. 80203)

MARC details
000 -LEADER
fixed length control field 00958cab a22001935a 4500
001 - CONTROL NUMBER
control field L143482
008 - FIXED-LENGTH DATA ELEMENTS--GENERAL INFORMATION
fixed length control field 080514e20080507xxk f 000 0 eng d
035 ## - SYSTEM CONTROL NUMBER
System control number (Sirsi) u143482
041 0# - LANGUAGE CODE
Language code of text/sound track or separate title eng
100 1# - MAIN ENTRY--PERSONAL NAME
Personal name Prior, Grant
245 00 - TITLE STATEMENT
Title Sector rock solid despite downturn?
260 ## - PUBLICATION, DISTRIBUTION, ETC.
Date of publication, distribution, etc. 2008
490 #0 - SERIES STATEMENT
Series statement Contract Journal
Volume/sequential designation 443(6674) 7 May 2008, 13-15(3)
520 ## - SUMMARY, ETC.
Summary, etc. Discusses prospects for the UK construction industry in the wake of the credit crunch and provides a five year construction forecast. Suggests that construction is in a good position to weather the economic storm because of consistent growth over the past 10 years and nearly 90 000 workers required every year up to 2012. By 2012 construction output across in the industry will have increased by a third since 2000, with construction growth forecast to peak in 2011.
590 ## - LOCAL NOTE (RLIN)
Local note KA
651 #4 - SUBJECT ADDED ENTRY--GEOGRAPHIC NAME
Geographic name United Kingdom
Chronological subdivision
690 ## - LOCAL SUBJECT ADDED ENTRY--TOPICAL TERM (OCLC, RLIN)
Topical term or geographic name as entry element BUILT ENVIRONMENT-CONSTRUCTION MARKET
942 ## - ADDED ENTRY ELEMENTS (KOHA)
Suppress in OPAC 0
Holdings
Withdrawn status Lost status Source of classification or shelving scheme Damaged status Not for loan Home library Current library Shelving location Date acquired Total Checkouts Full call number Barcode Date last seen Copy number Price effective from Koha item type
    Dewey Decimal Classification     London London Journal article 14/05/2008   L143482 143482-1001 06/08/2019 1 06/08/2019 Journal article